| 000 | 01152nam a2200301 a 4500 | ||
|---|---|---|---|
| 003 | DO-SdBNP | ||
| 005 | 20240229073950.0 | ||
| 007 | ta | ||
| 008 | 220420e2000 dr |||gr|||| 000 pdfre d | ||
| 020 | _a2841092410 | ||
| 040 |
_aDO-SdBNP _bspa _cBNPHU |
||
| 041 | _hfre | ||
| 082 |
_222 _aM676c |
||
| 245 | 1 | 0 |
_aMiroirs de la Caraibe: _bdouze poetes de Saint-Domingue. / _cCompilador, José Rafael Lantigua; Traducción, Délia Banco, Juliette Combes, Lou Dubois, Denis Fernández-Recatalá. |
| 260 |
_aSaint-Germain-du-Puy : _bLe Temps des Cerises, _c2008 |
||
| 300 |
_a140 p. ; _c17 cm. |
||
| 500 | _aOurage publié avec le concours de la Feria International del Libro de Saint-Domingue. | ||
| 546 | _aincluye traducción al español. | ||
| 590 | _aInventariado 2022 / MF | ||
| 650 | 4 |
_972895 _aPoesía _vColecciones _ySiglo XXI _zRepública Dominicana |
|
| 700 | 1 |
_aLantigua, José Rafael, _d1949- _ecomp. _91438 |
|
| 700 | 1 |
_aBlanco, Délia _etrad. _924662 |
|
| 700 | 1 |
_aCombes, Juliette _etrad. _981479 |
|
| 700 | 1 |
_aDubois, Lou. _etrad. _981480 |
|
| 700 | 1 |
_aFernández-Recatalá, Denis _etrad. _981481 |
|
| 910 | _aMFeliz | ||
| 942 |
_2ddc _cLBS1 |
||
| 999 |
_c51546 _d51546 |
||